[Event "Sautron op 19th"]
[Site "Sautron"]
[Date "2019.10.23"]
[Round "9.4"]
[White "Grill, Marc"]
[Black "Stephan, Victor"]
[Result "0-1"]
[WhiteElo "2182"]
[BlackElo "2427"]
[PlyCount "112"]
[EventDate "2019.12.10"]
[EventType "swiss"]
[EventRounds "9"]
[EventCountry "FRA"]
[SourceTitle "EXT 2022"]
[Source "ChessBase"]
[SourceDate "2021.10.06"]
[SourceVersion "1"]
[SourceVersionDate "2021.10.06"]
[SourceQuality "1"]

1. c4 e5 2. Nc3 Nf6 3. g3 c6 4. d4 e4 5. Bg5 Bb4 6. Rc1 d5 7. Bxf6 Qxf6 8. Bg2 0-0 9. e3 Re8 10. cxd5 cxd5 11. Nge2 Bg4 12. Qb3 Nc6 13. 0-0 Qd6 14. Nf4 Bxc3 15. Rxc3 Ne7 16. h3 Bc8 17. Rfc1 g5 18. Ne2 Nc6 19. Rc5 Rd8 20. g4 Rb8 21. Ng3 Be6 22. Nh5 Kf8 23. f3 exf3 24. Bxf3 Ne7 25. Rc7 Nc6 26. Qa3 Qxa3 27. bxa3 Na5 28. R1c5 b6 29. Rc3 a6 30. Ra7 h6 31. Rcc7 Nc4 32. Kf2 a5 33. Nf6 Nxa3 34. Bxd5 Rxd5 35. Nxd5 Bxd5 36. e4 Nb5 37. exd5 Nxa7 38. Rxa7 Rd8 39. Ke3 Rxd5 40. Ke4 Rb5 41. a4 Rb4 42. Ke5 Rxa4 43. d5 Ra3 44. Kd6 Rxh3 45. Ra8+ Kg7 46. Kc7 Kf6 47. d6 Rc3+ 48. Kd7 Rc4 49. Re8 a4 50. Re3 b5 51. Rd3 b4 52. Kd8 a3 53. d7 a2 54. Ke8 a1Q 55. d8Q+ Kg7 56. Qe7 Rc8+ 0-1

[Event "Sautron op 19th"]
[Site "Sautron"]
[Date "2019.10.21"]
[Round "6.10"]
[White "Grill, Marc"]
[Black "Chipanga, Takaedza"]
[Result "1/2-1/2"]
[WhiteElo "2182"]
[BlackElo "2035"]
[PlyCount "63"]
[EventDate "2019.12.10"]
[EventType "swiss"]
[EventRounds "9"]
[EventCountry "FRA"]
[SourceTitle "EXT 2022"]
[Source "ChessBase"]
[SourceDate "2021.10.06"]
[SourceVersion "1"]
[SourceVersionDate "2021.10.06"]
[SourceQuality "1"]

1. d4 d5 2. c4 dxc4 3. Nf3 Nf6 4. e3 e6 5. Bxc4 c5 6. 0-0 a6 7. Qe2 Nc6 8. Rd1 Qc7 9. Nc3 Be7 10. a3 0-0 11. h3 b5 12. Bb3 Bb7 13. dxc5 Ne5 14. e4 Rad8 15. Bf4 Nxf3+ 16. Qxf3 Qxc5 17. Rac1 Qa7 18. Be5 Qa8 19. Bc2 Bc6 20. Qg3 Rxd1+ 21. Rxd1 a5 22. f3 Rd8 23. Qe1 Qa7+ 24. Kh1 Qc5 25. Rxd8+ Bxd8 26. Qd2 Bb6 27. Bh2 g6 28. Ne2 Nh5 29. Qd1 Qe7 30. Qd6 Qh4 31. Qb8+ Bd8 32. Bc7 1/2-1/2

[Event "Sautron op 19th"]
[Site "Sautron"]
[Date "2019.10.20"]
[Round "3.4"]
[White "Barbot, Pierre"]
[Black "Grill, Marc"]
[Result "1-0"]
[WhiteElo "2435"]
[BlackElo "2182"]
[PlyCount "95"]
[EventDate "2019.12.10"]
[EventType "swiss"]
[EventRounds "9"]
[EventCountry "FRA"]
[SourceTitle "EXT 2022"]
[Source "ChessBase"]
[SourceDate "2021.10.06"]
[SourceVersion "1"]
[SourceVersionDate "2021.10.06"]
[SourceQuality "1"]

1. d4 Nf6 2. c4 e6 3. Nf3 b6 4. g3 Ba6 5. Qb3 Nc6 6. Nbd2 Na5 7. Qa4 Bb7 8. Bg2 c5 9. dxc5 bxc5 10. 0-0 Be7 11. Ne5 Bxg2 12. Kxg2 0-0 13. Ndf3 Qc7 14. Rd1 d6 15. Bd2 Nb7 16. Nc6 Ne4 17. Nxe7+ Qxe7 18. Qc6 f5 19. Be1 Rab8 20. Rab1 Nd8 21. Qa4 e5 22. Nd2 Ng5 23. Nf3 Ne4 24. Ba5 Ne6 25. Qc6 Kh8 26. e3 Rfc8 27. Qd5 Rf8 28. Ng1 Rf6 29. f3 N4g5 30. Rd2 h5 31. h4 Nf7 32. f4 Rg6 33. Kh3 exf4 34. exf4 Nxf4+ 35. gxf4 Rg4 36. Nf3 Rxf4 37. Rf2 Qe4 38. Rbf1 Qxc4 39. Qxc4 Rxc4 40. b3 Rf4 41. Nd2 Rxf2 42. Rxf2 g6 43. Re2 Rb7 44. Bc3+ Kh7 45. Nf3 d5 46. Bf6 Nd6 47. Ng5+ Kh6 48. Be7 1-0

[Event "Sautron op 19th"]
[Site "Sautron"]
[Date "2019.10.19"]
[Round "5.12"]
[White "Fretel, Didier"]
[Black "Grill, Marc"]
[Result "0-1"]
[WhiteElo "1653"]
[BlackElo "2182"]
[PlyCount "62"]
[EventDate "2019.12.10"]
[EventType "swiss"]
[EventRounds "9"]
[EventCountry "FRA"]
[SourceTitle "EXT 2022"]
[Source "ChessBase"]
[SourceDate "2021.10.06"]
[SourceVersion "1"]
[SourceVersionDate "2021.10.06"]
[SourceQuality "1"]

1. d4 Nf6 2. c4 e6 3. Nc3 Bb4 4. Qc2 Nc6 5. e3 d6 6. Bd3 Qe7 7. a3 Bxc3+ 8. Qxc3 e5 9. Ne2 a5 10. b3 0-0 11. d5 Nb8 12. 0-0 c6 13. dxc6 bxc6 14. Bb2 Re8 15. b4 Na6 16. Ng3 Rb8 17. b5 cxb5 18. cxb5 Nc5 19. a4 Nd5 20. Qa3 Nb4 21. Bb1 Be6 22. Bc3 Nb3 23. Bxb4 axb4 24. Qb2 Nxa1 25. Qxa1 Qc7 26. Qb2 Qa5 27. Bc2 Rec8 28. Ra1 g6 29. Ne4 Qc7 30. Bd3 Bd5 31. Ng3 Qc3 0-1

[Event "Sautron op 19th"]
[Site "Sautron"]
[Date "2019.10.19"]
[Round "1.15"]
[White "Templier, Benoit"]
[Black "Grill, Marc"]
[Result "0-1"]
[WhiteElo "1634"]
[BlackElo "2182"]
[PlyCount "72"]
[EventDate "2019.12.10"]
[EventType "swiss"]
[EventRounds "9"]
[EventCountry "FRA"]
[SourceTitle "EXT 2022"]
[Source "ChessBase"]
[SourceDate "2021.10.06"]
[SourceVersion "1"]
[SourceVersionDate "2021.10.06"]
[SourceQuality "1"]

1. c4 e5 2. Nc3 Nf6 3. Nf3 Nc6 4. g3 d5 5. cxd5 Nxd5 6. Bg2 Nb6 7. 0-0 Be7 8. a3 0-0 9. b4 Re8 10. d3 Bf8 11. Bb2 a5 12. b5 Nd4 13. Nd2 c6 14. bxc6 Nxc6 15. Rb1 Be6 16. Be4 Nd7 17. Na4 Ra6 18. Bc1 Qc7 19. Bg2 Rb8 20. Nc3 Nc5 21. Na4 b5 22. Nxc5 Bxc5 23. Ne4 Ba7 24. Be3 Nd4 25. Ng5 Bg4 26. Re1 h6 27. Ne4 Rc6 28. h3 Be6 29. Bxd4 exd4 30. Rc1 Rxc1 31. Qxc1 Qxc1 32. Rxc1 b4 33. axb4 axb4 34. h4 b3 35. Rb1 b2 36. Nd2 Ba2 0-1

[Event "Rohde op 12th"]
[Site "Sautron"]
[Date "2012.11.??"]
[Round "6"]
[White "Le Pen, Steven"]
[Black "Grill, Marc"]
[Result "0-1"]
[WhiteElo "1865"]
[BlackElo "2202"]
[PlyCount "34"]
[EventDate "2012.10.27"]
[EventType "swiss"]
[EventRounds "9"]
[EventCountry "FRA"]
[SourceTitle "EXT 2014"]
[Source "ChessBase"]
[SourceDate "2013.11.20"]
[SourceVersion "1"]
[SourceVersionDate "2013.11.20"]
[SourceQuality "1"]

1. e4 d6 2. d4 Nf6 3. Nc3 Nbd7 4. f4 e5 5. Nf3 exd4 6. Qxd4 c6 7. Be3 d5 8. 0-0-0 Bc5 9. Qd3 0-0 10. exd5 cxd5 11. Nxd5 Nxd5 12. Bxc5 Nxc5 13. Qxd5 Qa5 14. a3 Be6 15. Qd2 Qc7 16. Qd6 Nb3+ 17. Kb1 Rfd8 0-1

[Event "FRA-chT2 0910"]
[Site "France"]
[Date "2010.01.24"]
[Round "7.3"]
[White "Grill, Marc"]
[Black "Luco, Alain"]
[Result "1-0"]
[WhiteElo "2186"]
[BlackElo "2126"]
[PlyCount "93"]
[EventDate "2009.09.27"]
[EventType "team-tourn"]
[EventRounds "11"]
[EventCountry "FRA"]
[SourceTitle "EXT 2011"]
[Source "ChessBase"]
[SourceDate "2010.11.26"]
[SourceVersion "1"]
[SourceVersionDate "2010.11.26"]
[SourceQuality "1"]

1. e4 c5 2. Nf3 e6 3. d4 cxd4 4. Nxd4 a6 5. c4 Qc7 6. Nc3 Nf6 7. a3 Nc6 8. Be3 Be7 9. Be2 0-0 10. 0-0 d6 11. Rc1 Ne5 12. b4 Bd7 13. f4 Ng6 14. Nb3 Rac8 15. c5 e5 16. fxe5 Nxe5 17. Nd5 Nxd5 18. exd5 Ba4 19. Bd4 Ng6 20. Rc3 Rcd8 21. Bf3 Rfe8 22. Qc1 Bxb3 23. Rxb3 Bf8 24. c6 b5 25. Bh5 Re4 26. Qd2 Rde8 27. Rbf3 R8e7 28. Qd3 f6 29. Bxg6 hxg6 30. Rg3 Kf7 31. Re3 Rxe3 32. Bxe3 Qc8 33. Bf4 Re8 34. h3 Qa8 35. a4 Qa7+ 36. Kh2 bxa4 37. Ra1 Qf2 38. Bg3 Qb6 39. Rxa4 Ra8 40. Bf4 Be7 41. b5 f5 42. Be3 Qd8 43. b6 Bf6 44. b7 Be5+ 45. Kg1 Rb8 46. Qxa6 f4 47. Bxf4 1-0

[Event "FRA-chT2 0910"]
[Site "France"]
[Date "2009.10.17"]
[Round "2.4"]
[White "Blanche, Paul"]
[Black "Grill, Marc"]
[Result "0-1"]
[WhiteElo "2120"]
[BlackElo "2199"]
[PlyCount "74"]
[EventDate "2009.09.27"]
[EventType "team-tourn"]
[EventRounds "11"]
[EventCountry "FRA"]
[SourceTitle "EXT 2011"]
[Source "ChessBase"]
[SourceDate "2010.11.26"]
[SourceVersion "1"]
[SourceVersionDate "2010.11.26"]
[SourceQuality "1"]

1. d4 Nf6 2. c4 e6 3. Nc3 Bb4 4. e3 b6 5. Nge2 Ba6 6. a3 Bxc3+ 7. Nxc3 d5 8. Qf3 0-0 9. e4 Bxc4 10. Bxc4 dxc4 11. Bg5 Qxd4 12. Rd1 Qe5 13. Bf4 Qh5 14. Qxh5 Nxh5 15. Bxc7 Nc6 16. g4 Rfc8 17. Bd6 Nf6 18. f3 Rd8 19. Kf2 Rd7 20. e5 Ne8 21. Ne4 Nxd6 22. exd6 Ne5 23. Rd4 Rad8 24. Rhd1 Nd3+ 25. Ke3 f5 26. Nc3 Rxd6 27. Rxd6 Rxd6 28. b3 a6 29. bxc4 Ne5 30. Rd4 Rxd4 31. Kxd4 Nxf3+ 32. Ke3 fxg4 33. Na4 b5 34. c5 Kf7 35. c6 Ke7 36. Nc5 Kd6 37. a4 bxa4 0-1

[Event "FRA-chT1B 0809"]
[Site "France"]
[Date "2008.11.22"]
[Round "2.4"]
[White "Debray, Christopher"]
[Black "Grill, Marc"]
[Result "0-1"]
[WhiteElo "2388"]
[BlackElo "2161"]
[PlyCount "72"]
[EventDate "2008.10.19"]
[EventType "team-tourn"]
[EventRounds "11"]
[EventCountry "FRA"]
[SourceTitle "EXT 2010"]
[Source "ChessBase"]
[SourceDate "2010.11.25"]
[SourceVersion "1"]
[SourceVersionDate "2010.11.25"]
[SourceQuality "1"]
[WhiteTeam "Rueil Malmaison"]
[BlackTeam "Nantes"]
[WhiteTeamCountry "FRA"]
[BlackTeamCountry "FRA"]

1. d4 Nf6 2. c4 e6 3. Nc3 Bb4 4. Qc2 Nc6 5. Nf3 d6 6. Bg5 h6 7. Bh4 g5 8. Bg3 g4 9. Nd2 Nxd4 10. Qd3 e5 11. a3 Bxc3 12. Qxc3 Be6 13. e3 Nf5 14. 0-0-0 Qe7 15. c5 h5 16. Bb5+ Kf8 17. f4 Nd5 18. Qd3 Nfxe3 19. Rde1 h4 20. Bf2 Nxg2 21. fxe5 Nxe1 22. Rxe1 dxc5 23. Rf1 b6 24. Ne4 Rd8 25. Be1 a6 26. Bxa6 Nb4 27. Qe2 Nxa6 28. Qxa6 Qd7 29. Bc3 Qd3 30. Qxd3 Rxd3 31. Ng5 Ke7 32. Bd2 g3 33. Kc2 c4 34. Ne4 gxh2 35. Bg5+ Kd7 36. Rh1 Bf5 0-1

[Event "Rohde op 08th"]
[Site "Sautron"]
[Date "2008.10.26"]
[Round "2"]
[White "Grill, Marc"]
[Black "Dubois, Pierre"]
[Result "1-0"]
[WhiteElo "2161"]
[BlackElo "1836"]
[PlyCount "25"]
[EventDate "2008.10.25"]
[EventType "swiss"]
[EventRounds "9"]
[EventCountry "FRA"]
[SourceTitle "EXT 2009"]
[Source "ChessBase"]
[SourceDate "2008.11.26"]
[SourceVersion "1"]
[SourceVersionDate "2008.11.26"]
[SourceQuality "1"]

1. e4 e5 2. Nf3 Nc6 3. d4 exd4 4. Bc4 Nf6 5. e5 Qe7 6. 0-0 Ng4 7. Re1 h6 8. h3 Ngxe5 9. Nxe5 Nxe5 10. f4 d6 11. fxe5 dxe5 12. Qh5 g5 13. Bxg5 1-0

[Event "Gorges op 18th"]
[Site "Gorges"]
[Date "2008.07.??"]
[Round "2"]
[White "Grill, Marc"]
[Black "Delorme, Alban"]
[Result "1-0"]
[WhiteElo "2168"]
[BlackElo "2266"]
[PlyCount "69"]
[EventDate "2008.07.??"]
[EventType "swiss"]
[EventRounds "7"]
[EventCountry "FRA"]
[SourceTitle "CBM 125 Extra"]
[Source "ChessBase"]
[SourceDate "2008.09.01"]
[SourceVersion "1"]
[SourceVersionDate "2008.09.01"]
[SourceQuality "1"]

1. e4 c5 2. Nf3 Nc6 3. d4 cxd4 4. Nxd4 Nf6 5. Nc3 e6 6. Ndb5 Bc5 7. Bf4 0-0 8. Bd6 Bxd6 9. Nxd6 Qb6 10. Nc4 Qc5 11. Qd6 Qg5 12. f4 Qg6 13. Bd3 Qxg2 14. 0-0-0 Qf2 15. Rd2 Qh4 16. e5 Ne8 17. Qc5 f5 18. Qe3 b6 19. Be2 Rf7 20. Bf3 g5 21. Bxc6 dxc6 22. Rd8 Bb7 23. Rxe8+ Rxe8 24. Nd6 Ree7 25. Nxf7 Rxf7 26. fxg5 f4 27. Qd3 f3 28. Ne4 f2 29. Nf6+ Kg7 30. Kb1 c5 31. Rf1 c4 32. Qd8 Kg6 33. Qg8+ Rg7 34. Qxe6 Kxg5 35. Rxf2 1-0

[Event "Gorges op 18th"]
[Site "Gorges"]
[Date "2008.07.??"]
[Round "1"]
[White "Nouhaud, Laurent"]
[Black "Grill, Marc"]
[Result "0-1"]
[WhiteElo "1830"]
[BlackElo "2168"]
[PlyCount "44"]
[EventDate "2008.07.??"]
[EventType "swiss"]
[EventRounds "7"]
[EventCountry "FRA"]
[SourceTitle "CBM 125 Extra"]
[Source "ChessBase"]
[SourceDate "2008.09.01"]
[SourceVersion "1"]
[SourceVersionDate "2008.09.01"]
[SourceQuality "1"]

1. e4 c5 2. Nf3 g6 3. d4 cxd4 4. Nxd4 Nc6 5. Be3 Nf6 6. f3 Bg7 7. Nc3 0-0 8. Qd2 d5 9. Nxc6 bxc6 10. 0-0-0 Qc7 11. exd5 Nxd5 12. Nxd5 cxd5 13. Qxd5 Bf5 14. Qc5 Qb7 15. Qa3 Rfc8 16. Bd3 Rab8 17. b3 Qc7 18. Bxf5 gxf5 19. c4 Qe5 20. Bd4 Qf4+ 21. Kc2 Bxd4 22. Qxe7 Re8 0-1

[Event "FRA-chT1A 0708"]
[Site "France"]
[Date "2008.03.15"]
[Round "8.3"]
[White "Grill, Marc"]
[Black "Peralta, Fernando"]
[Result "0-1"]
[WhiteElo "2152"]
[BlackElo "2551"]
[PlyCount "42"]
[EventDate "2007.10.21"]
[EventType "team"]
[EventRounds "11"]
[EventCountry "FRA"]
[SourceTitle "EXT 2009"]
[Source "ChessBase"]
[SourceDate "2008.11.26"]
[SourceVersion "1"]
[SourceVersionDate "2008.11.26"]
[SourceQuality "1"]
[WhiteTeam "Nantes"]
[BlackTeam "Chalons en Champagne"]
[WhiteTeamCountry "FRA"]
[BlackTeamCountry "FRA"]

1. e4 d6 2. d4 Nf6 3. Nc3 g6 4. Nf3 Bg7 5. h3 0-0 6. Be3 a6 7. a4 b6 8. e5 Nfd7 9. e6 fxe6 10. Bc4 Nf6 11. Ng5 d5 12. Bd3 c5 13. h4 Nc6 14. h5 cxd4 15. Bxd4 Nxd4 16. h6 Bh8 17. Bxg6 hxg6 18. h7+ Nxh7 19. Rxh7 e5 20. Qd3 Bf5 21. Qg3 Bf6 0-1

[Event "FRA-chT1A 0708"]
[Site "France"]
[Date "2008.02.09"]
[Round "6.7"]
[White "Salaun, Yann"]
[Black "Grill, Marc"]
[Result "1-0"]
[WhiteElo "2322"]
[BlackElo "2152"]
[PlyCount "95"]
[EventDate "2007.10.21"]
[EventType "team"]
[EventRounds "11"]
[EventCountry "FRA"]
[SourceTitle "EXT 2009"]
[Source "ChessBase"]
[SourceDate "2008.11.26"]
[SourceVersion "1"]
[SourceVersionDate "2008.11.26"]
[SourceQuality "1"]
[WhiteTeam "Drancy"]
[BlackTeam "Nantes"]
[WhiteTeamCountry "FRA"]
[BlackTeamCountry "FRA"]

1. d4 Nf6 2. c4 e6 3. Nc3 Bb4 4. e3 b6 5. Nge2 Ba6 6. a3 Bxc3+ 7. Nxc3 d5 8. b3 Nc6 9. b4 Bxc4 10. Bxc4 dxc4 11. Qe2 0-0 12. Qxc4 Qd7 13. 0-0 Nd5 14. Bb2 f5 15. Rac1 Nce7 16. Rfe1 Nxc3 17. Qxc3 Nd5 18. Qc6 Qf7 19. Rc2 Rae8 20. Bc1 Re7 21. b5 Kh8 22. Qc4 Qg6 23. f3 h5 24. Rce2 h4 25. h3 Qg3 26. Bd2 Ref7 27. Rf1 Rc8 28. e4 fxe4 29. Rxe4 Qd6 30. Rxh4+ Kg8 31. Qd3 Rf5 32. Rc1 c5 33. dxc5 Rxc5 34. Re1 Qd7 35. a4 Rc8 36. Rhe4 Rf6 37. Re5 Qd6 38. Bg5 Rc3 39. Qe4 Qc5+ 40. Kh2 Rc4 41. Qb1 Rb4 42. Qd3 Rd4 43. Qe2 Qd6 44. Kh1 Rg6 45. Qc2 Kf7 46. h4 Nb4 47. Qxg6+ Kxg6 48. Rxe6+ 1-0

[Event "FRA-chT1A 0708"]
[Site "France"]
[Date "2007.11.24"]
[Round "2.6"]
[White "Picard, Clement"]
[Black "Grill, Marc"]
[Result "1-0"]
[WhiteElo "2185"]
[BlackElo "2151"]
[PlyCount "55"]
[EventDate "2007.10.21"]
[EventType "team"]
[EventRounds "11"]
[EventCountry "FRA"]
[SourceTitle "EXT 2009"]
[Source "ChessBase"]
[SourceDate "2008.11.26"]
[SourceVersion "1"]
[SourceVersionDate "2008.11.26"]
[SourceQuality "1"]
[WhiteTeam "Migne Auxances"]
[BlackTeam "Nantes"]
[WhiteTeamCountry "FRA"]
[BlackTeamCountry "FRA"]

1. e4 c5 2. Nf3 g6 3. Nc3 Bg7 4. g3 Nc6 5. Bg2 d6 6. 0-0 e6 7. d3 Nge7 8. Be3 Nd4 9. Ne1 0-0 10. Qd2 Rb8 11. Bh6 b5 12. Nd1 b4 13. Bxg7 Kxg7 14. Ne3 e5 15. f4 f6 16. c3 bxc3 17. bxc3 Ndc6 18. N1c2 Ba6 19. f5 g5 20. h4 h6 21. Ng4 Rb2 22. Rf2 Ng8 23. Qc1 Qb6 24. Nce3 Rxf2 25. Nxf2 Rb8 26. Qd1 Qb2 27. Rc1 Qxa2 28. Ra1 1-0

[Event "FRA-chT1A 0607"]
[Site "France"]
[Date "2007.02.25"]
[Round "9.6"]
[White "Lacrosse, Marc"]
[Black "Grill, Marc"]
[Result "0-1"]
[WhiteElo "2294"]
[BlackElo "2151"]
[PlyCount "76"]
[EventDate "2006.10.15"]
[EventType "team-tourn"]
[EventRounds "11"]
[EventCountry "FRA"]
[SourceTitle "EXT 2008"]
[Source "ChessBase"]
[SourceDate "2007.11.25"]
[SourceVersion "1"]
[SourceVersionDate "2007.11.25"]
[SourceQuality "1"]
[WhiteTeam "Lille"]
[BlackTeam "Nantes"]
[WhiteTeamCountry "FRA"]
[BlackTeamCountry "FRA"]

1. d4 Nf6 2. c4 e6 3. Nf3 Bb4+ 4. Bd2 Qe7 5. g3 Nc6 6. Nc3 Bxc3 7. Bxc3 Ne4 8. Rc1 Nxc3 9. Rxc3 0-0 10. Bg2 d6 11. 0-0 a5 12. d5 Nb8 13. Qc2 Na6 14. a3 e5 15. Nd2 Bd7 16. b3 c6 17. e4 Rfc8 18. f4 f6 19. Re1 Qd8 20. dxc6 bxc6 21. Rd1 Qe7 22. Nf3 Bg4 23. Rcd3 exf4 24. Rxd6 fxg3 25. hxg3 Nc5 26. R6d4 Rab8 27. Rb1 Bxf3 28. Bxf3 Qe5 29. Qf2 Nxb3 30. Rdd1 Nc5 31. Kg2 Rxb1 32. Rxb1 Rd8 33. Qe3 Rd3 34. Qf4 Qxf4 35. gxf4 Rxa3 36. e5 Nd3 37. exf6 gxf6 38. Rb6 Ne1+ 0-1

[Event "FRA-chT1A 0607"]
[Site "France"]
[Date "2006.11.06"]
[Round "3.6"]
[White "Godard, Maxence"]
[Black "Grill, Marc"]
[Result "1/2-1/2"]
[WhiteElo "2309"]
[BlackElo "2151"]
[PlyCount "147"]
[EventDate "2006.10.15"]
[EventType "team-tourn"]
[EventRounds "11"]
[EventCountry "FRA"]
[SourceTitle "EXT 2008"]
[Source "ChessBase"]
[SourceDate "2007.11.25"]
[SourceVersion "1"]
[SourceVersionDate "2007.11.25"]
[SourceQuality "1"]
[WhiteTeam "Deauville"]
[BlackTeam "Nantes"]
[WhiteTeamCountry "FRA"]
[BlackTeamCountry "FRA"]

1. c4 e5 2. g3 Nf6 3. Bg2 Nc6 4. Nf3 d5 5. cxd5 Nxd5 6. 0-0 Be7 7. d4 exd4 8. Nxd4 Nxd4 9. Qxd4 Nf6 10. Qa4+ c6 11. Rd1 Qb6 12. Be3 Qc7 13. Bf4 Qb6 14. Nd2 0-0 15. Nc4 Qb4 16. Qxb4 Bxb4 17. Bd6 Bxd6 18. Nxd6 Rb8 19. e4 Be6 20. h3 h5 21. f4 g6 22. Kf2 Rfd8 23. b3 Bxh3 24. Bxh3 Rxd6 25. e5 Rxd1 26. Rxd1 Nd5 27. Bg2 Nb6 28. g4 hxg4 29. Kg3 Kf8 30. Kxg4 Ke7 31. f5 gxf5+ 32. Kxf5 Rg8 33. Be4 Nd7 34. Rd2 Rh8 35. Bf3 Rh4 36. Rg2 Nc5 37. Bg4 Rh1 38. Be2 Ra1 39. b4 Nd7 40. Bc4 Re1 41. Re2 Rxe2 42. Bxe2 Nb6 43. a3 Nd5 44. Bd3 Nc3 45. Kf4 b6 46. Ke3 c5 47. bxc5 bxc5 48. Bc4 Na4 49. Bb3 Nb6 50. Kd3 f6 51. exf6+ Kxf6 52. Ke4 Ke7 53. Ke5 Kd7 54. Bf7 Kc7 55. Be8 Na8 56. Kd5 Kb6 57. Kc4 Nc7 58. Bd7 Na6 59. Be8 Nb8 60. Kd5 Na6 61. Kc4 Nc7 62. Bd7 a6 63. a4 a5 64. Kd3 Nd5 65. Kc4 Nf6 66. Bh3 Ne4 67. Bg2 Nd6+ 68. Kd5 Nf5 69. Bh3 Ne3+ 70. Ke4 Nd1 71. Bd7 Kc7 72. Be8 Kd6 73. Kd3 Nf2+ 74. Kc4 1/2-1/2

[Event "FRA-chT2 0304"]
[Site "France"]
[Date "2003.12.07"]
[Round "4"]
[White "Grill, Marc"]
[Black "Delorme, Alban"]
[Result "0-1"]
[WhiteElo "2156"]
[BlackElo "2153"]
[PlyCount "52"]
[EventDate "2003.10.??"]
[EventType "team"]
[EventRounds "11"]
[EventCountry "FRA"]
[SourceTitle "EXT 2005"]
[Source "ChessBase"]
[SourceDate "2004.11.15"]
[SourceVersion "1"]
[SourceVersionDate "2004.11.15"]
[SourceQuality "1"]
[WhiteTeam "Nantes"]
[BlackTeam "Sautron"]
[WhiteTeamCountry "FRA"]
[BlackTeamCountry "FRA"]

1. d4 Nf6 2. c4 e6 3. Nf3 b6 4. Nc3 Bb4 5. e3 Ne4 6. Qc2 Bb7 7. Bd3 Bxc3+ 8. bxc3 f5 9. 0-0 0-0 10. a4 d6 11. Ba3 Rf6 12. Nd2 Rh6 13. Nxe4 Qh4 14. h3 fxe4 15. Be2 Nd7 16. Bg4 Rg6 17. d5 Ne5 18. Qxe4 Nxg4 19. hxg4 exd5 20. cxd5 Rxg4 21. Qe6+ Kh8 22. f3 Rg6 23. Qf5 Qg3 24. Rf2 Rh6 25. Rff1 Rh2 26. Rf2 Qh4 0-1